[Event "World Blitz"]
[Site "Moscow RUS"]
[Date "2007.11.22"]
[Round "29"]
[White "Mamedyarov, S."]
[Black "Carlsen, M."]
[Result "0-1"]
[WhiteElo "2752"]
[BlackElo "2714"]
[PlyCount "116"]
[EventDate "2007.11.21"]
[Source "www.chesslib.no"]
[SourceDate "2004.05.04"]

1. d4 Nf6 2. c4 c5 3. d5 b5 4. cxb5 a6 5. f3 g6 6. e4 Bg7 7. Nc3 O-O 8. a4 e6 9. Nh3 Bb7 10. dxe6 fxe6 11. Be3 d5 12. Bxc5 Re8 13. Be2 Nbd7 14. Bf2 dxe4 15. O-O axb5 16. Nxb5 Ne5 17. Nd6 exf3 18. Nxb7 fxe2 19. Qxe2 Qd5 20. Nc5 Neg4 21. Rad1 Qc6 22. b4 Nxf2 23. Qxf2 Nd5 24. b5 Qb6 25. Na6 Qxf2+ 26. Rxf2 Nc3 27. Rd7 Red8 28. Rfd2 Bd4+ 29. R2xd4 Ne2+ 30. Kf2 Nxd4 31. Rxd8+ Rxd8 32. Nf4 e5 33. Ne2 Nb3 34. b6 Na5 35. Nc5 Rd6 36. b7 Rb6 37. Nd7 Rxb7 38. Nxe5 Rb4 39. g3 Rxa4 40. Nf4 Ra2+ 41. Kg1 Nb3 42. h4 Nd4 43. Nd7 Ne2+ 44. Nxe2 Rxe2 45. Kf1 Ra2 46. Nf6+ Kg7 47. Ng4 Kf7 48. Nf2 Kf6 49. Kg2 Kf5 50. Kf3 Ra3+ 51. Kg2 Ke5 52. Ng4+ Kd4 53. Nf6 Ra7 54. g4 Ke5 55. g5 h5 56. Kf3 Kf5 57. Nd5 Ra3+ 58. Ne3+ Ke5 0-1

[Event "Moscow PCA-GP"]
[Site "Moscow"]
[Date "1996.??.??"]
[Round "1.2"]
[White "Dreev, Alexey"]
[Black "Topalov, Veselin"]
[Result "1-0"]
[WhiteElo "2670"]
[BlackElo "2700"]
[PlyCount "129"]
[EventDate "1996.04.??"]
[Source "ChessBase"]

1. d4 Nf6 2. c4 c5 3. d5 b5 4. cxb5 a6 5. b6 d6 6. Nc3 Nbd7 7. e4 g6 8. Nf3 Bg7 9. Be2 O-O 10. O-O Nxb6 11. Bf4 Ne8 12. h3 Nc7 13. Qd2 Bb7 14. Bh6 f5 15. Bxg7 Kxg7 16. b4 Nd7 17. bxc5 Nxc5 18. Qd4+ Kg8 19. e5 Rc8 20. Rad1 Ne8 21. Rfe1 Ng7 22. Bf1 Rc7 23. Rc1 Qc8 24. exd6 exd6 25. Ng5 Re8 26. Qh4 Nh5 27. Rxe8+ Qxe8 28. Qb4 Qe7 29. Nf3 Nf6 30. Re1 Qd7 31. Ng5 Rc8 32. Qd4 Qg7 33. Ne6 Nxe6 34. Rxe6 Nxd5 35. Qxg7+ Kxg7 36. Nxd5 Bxd5 37. Rxd6 Bxa2 38. Rxa6 Rc2 39. g3 Rb2 40. Bg2 h5 41. h4 Rb1+ 42. Kh2 Rb2 43. Kg1 Bc4 44. Rc6 Be2 45. Rc7+ Kh6 46. Bd5 Rb8 47. Re7 Bd1 48. f4 Rd8 49. Bc4 Bc2 50. Kf2 Be4 51. Ke3 Rc8 52. Kd4 Bc2 53. Bd5 Rd8 54. Ke5 Bb1 55. Bf7 Bc2 56. Kf6 Bb1 57. Re8 Rd6+ 58. Re6 Rd8 59. Re8 Rd6+ 60. Be6 Kh7 61. Re7+ Kh6 62. Re8 Kh7 63. Kg5 Kg7 64. Rg8+ Kh7 65. Rxg6 1-0

[Event "Amber-blind 4th"]
[Site "Monte Carlo"]
[Date "1995.??.??"]
[Round "4"]
[White "Lautier, Joel"]
[Black "Shirov, Alexei"]
[Result "1-0"]
[WhiteElo "2655"]
[BlackElo "2710"]
[PlyCount "107"]
[EventDate "1995.03.??"]
[Source "ChessBase"]

1. d4 Nf6 2. c4 c5 3. d5 b5 4. cxb5 a6 5. f3 axb5 6. e4 Qa5+ 7. b4 cxb4 8. Nd2 e6 9. Nb3 Qd8 10. Bb2 exd5 11. e5 Nh5 12. Qxd5 Ra6 13. Ne2 g6 14. g3 Be7 15. Ned4 O-O 16. Bxb5 Rb6 17. O-O Bb7 18. Qc4 Nc6 19. Qe2 Qb8 20. Rae1 Ng7 21. Bc4 Qa8 22. Nb5 Ba6 23. Nc7 Bxc4 24. Nxa8 Bxe2 25. Nxb6 Bxf1 26. Kxf1 Rd8 27. Rd1 Nb8 28. Na5 Bc5 29. Nd5 Ne6 30. Nb7 Rc8 31. Rc1 Rc6 32. Nxc5 Rxc5 33. Rxc5 Nxc5 34. Nxb4 Kf8 35. Ke2 Ke7 36. Nd5+ Ke6 37. Nc7+ Kf5 38. g4+ Kg5 39. Ne8 Nc6 40. Nd6 Kh4 41. Nxf7 Na4 42. Bc1 Nc3+ 43. Kd3 Nxa2 44. Bd2 Kh3 45. g5 Kg2 46. f4 Kf3 47. Nd6 Nab4+ 48. Kc4 Nc2 49. Ne8 Ke2 50. Bc3 Ne3+ 51. Kc5 Kd3 52. Be1 Ke4 53. Bg3 Kf5 54. Kd6 1-0

[Event "Amber-blind 5th"]
[Site "Monte Carlo"]
[Date "1996.??.??"]
[Round "9"]
[White "Lautier, Joel"]
[Black "Shirov, Alexei"]
[Result "1-0"]
[WhiteElo "2630"]
[BlackElo "2690"]
[PlyCount "81"]
[EventDate "1996.04.??"]
[Source "ChessBase"]

1. d4 Nf6 2. c4 c5 3. d5 b5 4. cxb5 a6 5. f3 e6 6. e4 exd5 7. e5 Qe7 8. Qe2 Nh5 9. g4 axb5 10. Nc3 c4 11. Be3 d4 12. Bxd4 Nc6 13. Be3 Nxe5 14. gxh5 Nd3+ 15. Kd2 Ne5 16. Bd4 d6 17. f4 Bb7 18. Bg2 O-O-O 19. Nxb5 Qd7 20. a4 Nd3 21. Bxb7+ Kxb7 22. Nf3 Re8 23. Qg2 Ka6 24. Rhe1 d5 25. Rxe8 Bb4+ 26. Kc2 Rxe8 27. Ne5 Rxe5 28. fxe5 Qf5 29. Kd1 Ka5 30. Nc3 Nxb2+ 31. Kd2 Qd3+ 32. Kc1 Qxd4 33. Qxd5+ Qxd5 34. Nxd5 Nd3+ 35. Kc2 Bc5 36. Rb1 Bd4 37. Rb7 Nxe5 38. Nc3 Bxc3 39. Kxc3 Kxa4 40. Re7 Ng4 41. Rxf7 1-0

[Event "Muenchen"]
[Site "?"]
[Date "1993.??.??"]
[Round "?"]
[White "Gelfand, B."]
[Black "Adams, M."]
[Result "1/2-1/2"]
[WhiteElo "2690"]
[BlackElo "2630"]
[PlyCount "53"]
[EventDate "1993.??.??"]
[Source "ChessBase"]
[SourceDate "1993.02.01"]

1. d4 Nf6 2. c4 c5 3. d5 b5 4. cxb5 a6 5. f3 axb5 6. e4 Qa5+ 7. Bd2 b4 8. Na3 d6 9. Nc4 Qa7 10. a3 g6 11. Bd3 Bg7 12. Ne2 O-O 13. O-O bxa3 14. Rxa3 Qb7 15. Nc3 Na6 16. Qa1 Nd7 17. f4 Nb6 18. Na5 Qc7 19. Nc6 c4 20. Be2 Bb7 21. Be3 Bxc6 22. Rxa6 Bd7 23. Bxb6 Qxb6+ 24. Rxb6 Bd4+ 25. Kh1 Rxa1 26. Rxa1 Bxb6 27. Bxc4 1/2-1/2

[Event "Paernu"]
[Site "?"]
[Date "1996.??.??"]
[Round "?"]
[White "Sokolov, I."]
[Black "Khalifman, A."]
[Result "1/2-1/2"]
[WhiteElo "2665"]
[BlackElo "2650"]
[PlyCount "87"]
[EventDate "1996.??.??"]
[Source "ChessBase"]
[SourceDate "1996.02.01"]

1. d4 Nf6 2. c4 c5 3. d5 b5 4. cxb5 a6 5. Nc3 axb5 6. e4 b4 7. Nb5 d6 8. Bf4 g5 9. Bxg5 Nxe4 10. Bf4 Bg7 11. Qe2 Nf6 12. Nxd6+ Kf8 13. Nxc8 Qxc8 14. Qf3 e6 15. d6 Nc6 16. Qh3 h5 17. Bc4 Nd4 18. Rc1 Qc6 19. Ne2 Nxe2 20. Kxe2 Nd5 21. Bxd5 Qxd5 22. Rhd1 Bd4 23. Qf3 Qxf3+ 24. Kxf3 Kg7 25. Be3 Rhd8 26. Bxd4+ cxd4 27. Rxd4 Rxa2 28. d7 Ra7 29. Rcd1 b3 30. Kg3 Kf6 31. Kh4 Ra5 32. Rb4 Ke7 33. Rxb3 Rxd7 34. Rxd7+ Kxd7 35. f4 Ke7 36. Rb8 Kf6 37. g3 Kg7 38. b4 Rd5 39. b5 e5 40. b6 exf4 41. gxf4 Rb5 42. b7 Kf6 43. h3 Rb3 44. Rh8 1/2-1/2

[Event "Donner Memorial"]
[Site "Amsterdam NED"]
[Date "1995.??.??"]
[Round "2"]
[White "Seirawan, Yasser"]
[Black "Shirov, Alexei D"]
[Result "1/2-1/2"]
[WhiteElo "2600"]
[BlackElo "2710"]
[PlyCount "63"]
[EventDate "1995.08.??"]
[Source "www.chesslib.no"]
[SourceDate "2004.05.04"]

1. d4 Nf6 2. c4 c5 3. d5 b5 4. cxb5 a6 5. b6 Qxb6 6. Nc3 g6 7. e4 d6 8. Nf3 Bg7 9. Nd2 O-O 10. Be2 Nbd7 11. O-O Rb8 12. Nc4 Qc7 13. a4 Rb4 14. a5 Ne8 15. Bd2 Qa7 16. Na4 Rb7 17. Nab6 Nc7 18. Bg4 Na8 19. Nxa8 Qxa8 20. Bxd7 Bxd7 21. Nb6 Rxb6 22. axb6 Bxb2 23. Rb1 Bf6 24. Qf3 Bb5 25. Rfc1 Qb7 26. Bc3 Bxc3 27. Qxc3 Qxb6 28. h3 Rb8 29. Rb2 Qd8 30. Rcb1 Qf8 31. f4 Rd8 32. Rd1 1/2-1/2

[Event "Muenchen"]
[Site "?"]
[Date "1994.??.??"]
[Round "?"]
[White "Gelfand, B."]
[Black "Hertneck, G."]
[Result "1/2-1/2"]
[WhiteElo "2685"]
[BlackElo "2615"]
[PlyCount "83"]
[EventDate "1994.??.??"]
[Source "ChessBase"]
[SourceDate "1994.02.01"]

1. d4 Nf6 2. c4 c5 3. d5 b5 4. cxb5 a6 5. f3 axb5 6. e4 Qa5+ 7. Bd2 b4 8. Na3 d6 9. Nc4 Qd8 10. a3 e6 11. dxe6 Bxe6 12. axb4 Rxa1 13. Qxa1 d5 14. exd5 Nxd5 15. Qa4+ Nd7 16. Ne5 N5b6 17. Qc6 Bd5 18. Qb5 Qh4+ 19. Kd1 Be7 20. bxc5 Bxc5 21. Ne2 O-O 22. Nxd7 Nxd7 23. Nf4 Rb8 24. Qxd7 Bb3+ 25. Kc1 Qf6 26. Bb5 Bd4 27. Re1 Bxb2+ 28. Kb1 Be5 29. Bc3 Be6 30. Bxe5 Bxd7 31. Bxf6 gxf6 32. Kc1 Rxb5 33. Re7 Bf5 34. Re8+ Kg7 35. Nh5+ Kh6 36. Nxf6 Rb1+ 37. Kd2 Rb2+ 38. Ke3 Rxg2 39. Kf4 Be6 40. h4 Rg6 41. Ke5 Rg1 42. Kf4 1/2-1/2

[Event "It cat.17"]
[Site "?"]
[Date "1994.??.??"]
[Round "?"]
[White "Kamsky, Gata"]
[Black "Illescas Cordoba, Miguel"]
[Result "1/2-1/2"]
[WhiteElo "2695"]
[BlackElo "2590"]
[PlyCount "25"]
[EventDate "1994.??.??"]
[Source "www.chesslib.no"]
[SourceDate "2004.05.04"]

1. d4 Nf6 2. c4 c5 3. d5 b5 4. cxb5 a6 5. b6 Qxb6 6. Nc3 d6 7. e4 g6 8. a4 Bg7 9. a5 Qb4 10. Ra4 Qb7 11. Bc4 Bd7 12. Ra3 Qb4 13. Qd3 1/2-1/2

[Event "Linares"]
[Site "?"]
[Date "1995.??.??"]
[Round "?"]
[White "Sokolov, I."]
[Black "Khalifman, A."]
[Result "1/2-1/2"]
[WhiteElo "2645"]
[BlackElo "2635"]
[PlyCount "119"]
[EventDate "1995.??.??"]
[Source "ChessBase"]
[SourceDate "1995.02.01"]

1. d4 Nf6 2. c4 c5 3. d5 b5 4. cxb5 a6 5. f3 e6 6. e4 exd5 7. exd5 Bd6 8. Qe2+ Kf8 9. Nc3 axb5 10. Be3 Ba6 11. Qd2 c4 12. a3 Qa5 13. Rd1 b4 14. axb4 Bxb4 15. Nh3 d6 16. Be2 Nbd7 17. O-O Bc5 18. Nf2 Bxe3 19. Qxe3 Qb6 20. Qd2 g6 21. Qh6+ Kg8 22. Rd2 Re8 23. Kh1 Qe3 24. Qxe3 Rxe3 25. Rc2 Kg7 26. Nfe4 Nxe4 27. Nxe4 Rb8 28. Bxc4 Bxc4 29. Rxc4 Rxb2 30. Nxd6 Ree2 31. Rg1 Ne5 32. Rc7 g5 33. h3 Kg6 34. Re7 Rbd2 35. Ne4 Nxf3 36. Nxd2 Nxg1 37. Ne4 Re1 38. Kh2 Rd1 39. d6 Ne2 40. d7 Nf4 41. Nc5 Kf5 42. Re8 Ne6 43. Nxe6 Rxd7 44. Nf8 Rd3 45. Nxh7 Kg6 46. Nf8+ Kg7 47. Rb8 Rd2 48. Kg3 Rd4 49. Kf3 Rd2 50. Ra8 Rd4 51. Ke3 Rd1 52. Ke4 Rd2 53. g3 Rd1 54. Kf5 Rd5+ 55. Kg4 Rd3 56. Re8 Rd5 57. Ne6+ fxe6 58. Rxe6 Rd3 59. Re1 Kg6 60. Re6+ 1/2-1/2

[Event "Dortmund"]
[Site "?"]
[Date "1992.??.??"]
[Round "?"]
[White "Shirov, A."]
[Black "Adams, M."]
[Result "1/2-1/2"]
[WhiteElo "2655"]
[BlackElo "2620"]
[PlyCount "53"]
[EventDate "1992.??.??"]
[Source "ChessBase"]
[SourceDate "1992.02.01"]

1. d4 Nf6 2. c4 c5 3. d5 b5 4. cxb5 a6 5. e3 axb5 6. Bxb5 Qa5+ 7. Nc3 Bb7 8. Nge2 Nxd5 9. O-O Nxc3 10. Nxc3 e6 11. a4 Nc6 12. e4 Be7 13. Bf4 Qd8 14. Qd3 O-O 15. Rad1 Nd4 16. Be5 Bf6 17. Bd6 Be7 18. Be5 Bf6 19. Bd6 Be7 20. Qg3 f5 21. exf5 Rxf5 22. Bxe7 Qxe7 23. Qc7 Nf3+ 24. Kh1 Rh5 25. h3 Rxh3+ 26. gxh3 Qh4 27. Qg3 1/2-1/2

[Event "Burgas"]
[Site "?"]
[Date "1994.??.??"]
[Round "?"]
[White "Azmaiparashvili, Z."]
[Black "Topalov, V."]
[Result "1/2-1/2"]
[WhiteElo "2625"]
[BlackElo "2645"]
[PlyCount "125"]
[EventDate "1994.??.??"]
[Source "ChessBase"]
[SourceDate "1994.10.01"]

1. d4 Nf6 2. c4 c5 3. d5 b5 4. cxb5 a6 5. e3 g6 6. Nc3 Bg7 7. a4 O-O 8. Ra3 d6 9. Nge2 Nbd7 10. Nf4 Ne8 11. h4 axb5 12. Nxb5 Nc7 13. h5 Nxb5 14. Bxb5 Ba6 15. hxg6 hxg6 16. Be2 Qb6 17. O-O Bxe2 18. Nxe2 Rfb8 19. Ra2 Qb3 20. Ra3 Qb4 21. a5 Qb5 22. Nc3 Qa6 23. Qc2 Ne5 24. Ra2 Nd3 25. Qe2 Nb4 26. Qxa6 Rxa6 27. Ra3 Rba8 28. Nb5 Nc2 29. Rd3 Rxa5 30. Nc3 Nb4 31. Rd2 f5 32. e4 f4 33. Rdd1 Be5 34. Kh2 c4 35. Kh3 Nd3 36. Kg4 Bxc3 37. bxc3 Ra1 38. Kg5 R8a2 39. Bxf4 Rxd1 40. Rxd1 Rxf2 41. g3 Kf7 42. Rh1 Nxf4 43. gxf4 Rg2+ 44. Kh4 Re2 45. Kg4 Re3 46. e5 dxe5 47. fxe5 Rxe5 48. Rf1+ Kg7 49. Rf4 Rxd5 50. Rxc4 Kf6 51. Rc8 Rd1 52. c4 Ke5 53. c5 Rg1+ 54. Kf3 Rf1+ 55. Ke3 Kd5 56. Rc7 Re1+ 57. Kf4 e5+ 58. Kf3 Kd4 59. c6 e4+ 60. Kf2 Rc1 61. Rd7+ Ke5 62. c7 Rc3 63. Re7+ 1/2-1/2

[Event "Enghien_les_Bains 75/55"]
[Site "?"]
[Date "1999.??.??"]
[Round "?"]
[White "Salov, Valery"]
[Black "Lautier, Joel"]
[Result "1-0"]
[WhiteElo "2670"]
[BlackElo "2596"]
[PlyCount "155"]
[EventDate "1999.??.??"]
[Source "ChessBase"]
[SourceDate "1999.02.01"]

1. d4 Nf6 2. c4 c5 3. d5 b5 4. cxb5 a6 5. b6 e6 6. Nc3 Nxd5 7. Nxd5 exd5 8. Qxd5 Nc6 9. e4 Be7 10. Bc4 O-O 11. Nf3 Bb7 12. Qf5 Qxb6 13. O-O d6 14. Bd2 Bc8 15. Qh5 Be6 16. Bxe6 fxe6 17. Qh3 e5 18. Qe6+ Kh8 19. Bc3 Rf6 20. Qd5 Raf8 21. Nd2 Rg6 22. Nc4 Qc7 23. Rad1 Nd8 24. f4 exf4 25. e5 dxe5 26. Bxe5 Qc6 27. Rxf4 Rxf4 28. Bxf4 Re6 29. Be3 h6 30. b3 Re4 31. h3 Re6 32. Rd2 Kg8 33. Kf1 Kh7 34. Rd3 Qe8 35. Qf5+ Kg8 36. Kg1 Qc6 37. Ne5 Qe8 38. Nc4 Qc6 39. Qd5 Kh8 40. a3 Re4 41. Qf5 Qe6 42. Qxe6 Nxe6 43. Kf2 Nd4 44. Bxd4 cxd4 45. Kf3 Rh4 46. Ne5 Kh7 47. b4 Bg5 48. Ng4 h5 49. Nf2 Rf4+ 50. Ke2 Rf5 51. Rxd4 a5 52. Ne4 Bc1 53. a4 axb4 54. Rxb4 Rd5 55. Rc4 Ba3 56. Rc6 Ra5 57. Rc4 Rd5 58. Nc3 Rg5 59. Kf3 Bd6 60. Ne4 Rf5+ 61. Ke2 Be7 62. Rc7 Bb4 63. Rb7 Ba5 64. Rb5 Kg6 65. Ng3 Rg5 66. Kf3 Bc7 67. Ne4 Rf5+ 68. Rxf5 Kxf5 69. Nd2 g5 70. Nc4 g4+ 71. hxg4+ hxg4+ 72. Ke3 Bh2 73. a5 Bg1+ 74. Kd3 Kf4 75. a6 Bc5 76. Nd6 Bg1 77. Nb5 Bb6 78. Ke2 1-0

[Event "Samara 74/73"]
[Site "?"]
[Date "1998.??.??"]
[Round "?"]
[White "Volkov, Sergey"]
[Black "Khalifman, Alexander"]
[Result "0-1"]
[WhiteElo "2605"]
[BlackElo "2645"]
[PlyCount "92"]
[EventDate "1998.??.??"]
[Source "ChessBase"]
[SourceDate "1998.10.01"]

1. d4 Nf6 2. c4 c5 3. d5 b5 4. cxb5 a6 5. f3 axb5 6. e4 Qa5+ 7. Bd2 b4 8. Na3 e6 9. Nc4 Qc7 10. Bg5 Ba6 11. Nh3 Bxc4 12. Bxc4 Bd6 13. Qb3 exd5 14. exd5 Be5 15. O-O-O O-O 16. Rhe1 d6 17. Rxe5 dxe5 18. Bxf6 gxf6 19. d6 Qd7 20. f4 Nc6 21. Qg3+ Kh8 22. Qh4 Qf5 23. g4 Qg6 24. f5 Qg7 25. Nf2 Qg5+ 26. Qxg5 fxg5 27. Rd5 Na5 28. Be2 Nb7 29. Kb1 Ra5 30. Ne4 f6 31. a4 bxa3 32. bxa3 Rxa3 33. d7 Kg7 34. Bd1 Kf7 35. Kb2 Re3 36. Nxc5 Nxc5 37. d8=Q Rxd8 38. Rxd8 Rd3 39. Rxd3 Nxd3+ 40. Kc3 Nf2 41. Bf3 Ke7 42. Kc4 Kd6 43. Be2 h6 44. h3 Nxh3 45. Bd1 Nf2 46. Be2 Ne4 0-1

[Event "Vidmar mem 15th"]
[Site "Terme Zrece"]
[Date "2003.08.26"]
[Round "9"]
[White "Beliavsky, Alexander G"]
[Black "Sermek, Drazen"]
[Result "1-0"]
[WhiteElo "2668"]
[BlackElo "2577"]
[PlyCount "133"]
[EventDate "2003.08.17"]
[Source "ChessBase"]
[SourceDate "2003.11.11"]

1. d4 Nf6 2. c4 c5 3. d5 b5 4. cxb5 a6 5. e3 Bb7 6. Nc3 Qa5 7. Bd2 axb5 8. Bxb5 Qb6 9. Bc4 e6 10. Nge2 exd5 11. Qb3 Qxb3 12. Bxb3 Na6 13. O-O Nc7 14. Rfd1 Bd6 15. Be1 O-O 16. f3 Rfe8 17. Bf2 Be5 18. Rac1 Bc6 19. Rd2 h6 20. Bc2 g6 21. Bb1 Ra5 22. Nd1 Nh5 23. b3 Na6 24. Nb2 Nb4 25. Nd3 Nxd3 26. Bxd3 Ng7 27. Bb1 Ne6 28. Bg3 Bf6 29. Bd6 Bg5 30. f4 Bf6 31. Kf2 Kg7 32. Ng1 d4 33. e4 Be7 34. Bxe7 Rxe7 35. g3 Nc7 36. Nf3 Bxe4 37. Bxe4 Rxe4 38. b4 Ra3 39. Rxc5 Ne6 40. Ra5 Rxa5 41. bxa5 d3 42. Rxd3 Ra4 43. Rxd7 Rxa2+ 44. Kg1 g5 45. Ne5 gxf4 46. Rxf7+ Kg8 47. Rf6 fxg3 48. hxg3 Nc5 49. Nc6 Kg7 50. Rf2 Ra3 51. Kh2 Ne4 52. Re2 Ng5 53. Rb2 Kf6 54. Rb6 Ra2+ 55. Kg1 Kf5 56. a6 Nf3+ 57. Kf1 Kg4 58. Nb4 Ra3 59. Rg6+ Ng5 60. Ke2 Kxg3 61. Rg7 Kh3 62. Re7 Ra4 63. a7 Ne4 64. Nd5 Ra2+ 65. Kd3 Nc5+ 66. Kc4 Na4 67. Kb4 1-0

[Event "Nederland (ch) 73/80"]
[Site "?"]
[Date "1998.??.??"]
[Round "?"]
[White "Timman, Jan H"]
[Black "Van Wely, Loek"]
[Result "0-1"]
[WhiteElo "2635"]
[BlackElo "2605"]
[PlyCount "94"]
[EventDate "1998.??.??"]
[Source "ChessBase"]
[SourceDate "1998.06.01"]

1. d4 Nf6 2. c4 c5 3. d5 b5 4. cxb5 a6 5. f3 e6 6. e4 exd5 7. e5 Qe7 8. Qe2 Ng8 9. Nc3 Bb7 10. Nh3 c4 11. Be3 Qb4 12. a3 Qa5 13. Bd2 Qb6 14. Nf4 Ne7 15. a4 axb5 16. Nxb5 Qxb5 17. axb5 Rxa1+ 18. Kf2 Nf5 19. g4 Bc5+ 20. Kg2 Nd4 21. Qf2 Nb3 22. Qe2 Nd4 23. Qf2 Nb3 24. Qe2 O-O 25. Be3 Bxe3 26. Qxe3 d4 27. Qf2 Rc1 28. Nh5 Rc8 29. Qh4 Nc5 30. Qg5 Rc2+ 31. Kg3 Ne6 32. Nf6+ Kf8 33. Qf5 d3 34. b3 Rc1 35. Bxd3 Rxh1 36. Bxc4 gxf6 37. exf6 d5 38. Qxh7 Ke8 39. Qh8+ Nf8 40. Bd3 Nbd7 41. b6 Re1 42. g5 Rc3 43. Kg2 Ra1 44. g6 Rxd3 45. g7 d4 46. Qh5 Ra2+ 47. Kg3 Rxf3+ 0-1

[Event "Chalkidiki"]
[Site "?"]
[Date "1992.??.??"]
[Round "?"]
[White "Kramnik, Vladimir"]
[Black "Adams, M."]
[Result "1/2-1/2"]
[WhiteElo "2625"]
[BlackElo "2610"]
[PlyCount "60"]
[EventDate "1992.??.??"]
[Source "ChessBase"]
[SourceDate "1992.06.01"]

1. d4 Nf6 2. c4 c5 3. d5 b5 4. cxb5 a6 5. e3 axb5 6. Bxb5 Qa5+ 7. Nc3 Bb7 8. Nge2 Nxd5 9. O-O Nxc3 10. Nxc3 e6 11. e4 Bxe4 12. Bxd7+ Nxd7 13. Nxe4 Qa4 14. Qf3 Ne5 15. Qf4 Nd3 16. Qe3 Rd8 17. Nc3 Qc6 18. Qg3 c4 19. a4 h5 20. h3 e5 21. a5 f5 22. a6 f4 23. Qf3 Qxf3 24. gxf3 Rh6 25. Ne4 Ra8 26. a7 Rg6+ 27. Kh2 Rc6 28. Rd1 Bc5 29. Nxc5 Rxc5 30. Kg2 Rc7 1/2-1/2

[Event "Linares"]
[Site "?"]
[Date "1997.??.??"]
[Round "?"]
[White "Lalic, B."]
[Black "Khalifman, A."]
[Result "0-1"]
[WhiteElo "2585"]
[BlackElo "2650"]
[PlyCount "54"]
[EventDate "1997.??.??"]
[Source "ChessBase"]
[SourceDate "1997.02.01"]

1. d4 Nf6 2. c4 c5 3. d5 b5 4. cxb5 a6 5. f3 e6 6. e4 exd5 7. e5 Qe7 8. Qe2 Ng8 9. Nc3 Bb7 10. Nh3 c4 11. Be3 axb5 12. O-O-O Qb4 13. Nf4 Ne7 14. Bb6 h5 15. Rxd5 Qxc3+ 16. bxc3 Nxd5 17. Nxd5 Bxd5 18. Qd2 Be6 19. Be2 Nc6 20. f4 b4 21. f5 bxc3 22. Qxc3 Ra3 23. Qb2 c3 24. Qb5 Bxf5 25. Rf1 Rxa2 26. Rxf5 Nb4 27. Qa5 g6 0-1

[Event "Corsica Masters"]
[Site "Bastia FRA"]
[Date "2007.10.29"]
[Round "1.2"]
[White "Mikhalevski, V."]
[Black "Nakamura, H."]
[Result "0-1"]
[WhiteElo "2584"]
[BlackElo "2648"]
[PlyCount "94"]
[EventDate "2007.10.29"]
[Source "www.chesslib.no"]
[SourceDate "2004.05.04"]

1. d4 Nf6 2. c4 c5 3. d5 b5 4. cxb5 a6 5. b6 d6 6. Nc3 Nbd7 7. Nf3 g6 8. e4 Bg7 9. Be2 O-O 10. O-O Rb8 11. Nd2 Nxb6 12. a4 Nfd7 13. Kh1 Kh8 14. a5 Na8 15. Nc4 Nc7 16. Na4 Nb5 17. Nab6 Nd4 18. Bd3 Bb7 19. Bg5 Nf6 20. Rb1 e6 21. Ne3 h6 22. Bh4 g5 23. Bg3 Nxe4 24. Bxe4 f5 25. Bd3 f4 26. Qh5 Qe8 27. Bg6 Qe7 28. Ng4 fxg3 29. Nxh6 Bxh6 30. Qxh6+ Kg8 31. dxe6 Nxe6 32. fxg3 Nd4 33. Bd3 d5 34. Rfe1 Qg7 35. Qxg7+ Kxg7 36. Nd7 c4 37. Re7+ Kh8 38. Nxb8 cxd3 39. Rxb7 d2 40. Re7 Rc8 41. Rf1 Rc1 42. Re8+ Kg7 43. Re7+ Kg6 44. Ref7 d1=Q 45. R7f6+ Kh5 46. g4+ Kxg4 47. h3+ Kg3 0-1

[Event "Garmisch"]
[Site "Garmisch"]
[Date "1994.??.??"]
[Round "3"]
[White "Sokolov, Ivan"]
[Black "Hertneck, Gerald"]
[Result "0-1"]
[WhiteElo "2625"]
[BlackElo "2605"]
[PlyCount "94"]
[EventDate "1994.??.??"]
[Source "ChessBase"]

1. d4 Nf6 2. c4 c5 3. d5 b5 4. cxb5 a6 5. f3 e6 6. e4 exd5 7. e5 Qe7 8. Qe2 Ng8 9. Nc3 Bb7 10. Nh3 Qd8 11. Nf4 Ne7 12. Nh5 Nf5 13. Nf6+ gxf6 14. exf6+ Be7 15. Bg5 Rg8 16. fxe7 Qb6 17. Qd2 d4 18. Ne4 Bxe4 19. fxe4 Ne3 20. Bxe3 dxe3 21. Qxe3 axb5 22. b4 Qf6 23. e5 Qh4+ 24. g3 Qxb4+ 25. Kf2 Ra3 26. Qf4 Rg4 27. Qf5 Qd2+ 28. Be2 Qe3+ 29. Kf1 Re4 30. Bxb5 Rxe5 31. Qxh7 Rxa2 32. Qh8+ Kxe7 33. Qxe5+ Qxe5 34. Rxa2 Qd5 35. Re2+ Kf8 36. Rg1 c4 37. Ba4 Na6 38. Bc2 Nb4 39. Be4 Qc5 40. Kg2 d5 41. Bf5 d4 42. Rf1 d3 43. Ref2 Nd5 44. Bxd3 Ne3+ 45. Kg1 cxd3 46. Rxf7+ Kg8 47. R1f2 Qc1+ 0-1

[Event "15th Vidmar mem"]
[Site "Terme Zrece"]
[Date "2003.08.20"]
[Round "3.4"]
[White "Beliavsky, Alexander G"]
[Black "Halkias, Stelios"]
[Result "1/2-1/2"]
[WhiteElo "2668"]
[BlackElo "2560"]
[PlyCount "95"]
[EventDate "2003.08.17"]
[Source "Roberto Alvarez"]
[SourceDate "2003.08.25"]

1. d4 Nf6 2. c4 c5 3. d5 b5 4. cxb5 a6 5. e3 Bb7 6. Nc3 Qa5 7. Bd2 axb5 8. Bxb5 Qb6 9. Bc4 e6 10. Nge2 exd5 11. Qb3 Qc6 12. Bb5 Qc7 13. Nf4 c4 14. Qd1 Bd6 15. Nh5 Nxh5 16. Qxh5 Qc5 17. O-O O-O 18. a4 Na6 19. Ne2 Rfd8 20. Bc3 Bf8 21. Nd4 Qd6 22. b3 cxb3 23. Nxb3 Rdc8 24. Bb2 Bc6 25. Ba3 Qg6 26. Qxg6 hxg6 27. Rfc1 Bxa3 28. Rxa3 Kf8 29. h4 Ke7 30. Raa1 Kd6 31. Nd4 Nc5 32. h5 gxh5 33. Nf5+ Ke5 34. Rxc5 Kxf5 35. a5 Ke6 36. Be2 Kd6 37. Rc2 g6 38. Rd2 Ke6 39. a6 Rcb8 40. Ra5 Rb6 41. Kh2 Rb4 42. Kg3 Ra7 43. Rd4 Rb2 44. Bd3 Kf6 45. Kf3 Ke6 46. g3 Kf6 47. Bf1 Ke6 48. Bd3 1/2-1/2

[Event "Hastings"]
[Site "?"]
[Date "1991.??.??"]
[Round "?"]
[White "Shirov, A."]
[Black "Adams, M."]
[Result "1-0"]
[WhiteElo "2610"]
[BlackElo "2615"]
[PlyCount "77"]
[EventDate "1991.??.??"]
[Source "ChessBase"]
[SourceDate "1991.10.01"]

1. d4 Nf6 2. c4 c5 3. d5 b5 4. cxb5 a6 5. b6 d6 6. Nc3 Qxb6 7. a4 g6 8. a5 Qb7 9. e4 Bg7 10. Bc4 O-O 11. Nge2 Ne8 12. O-O Nc7 13. h3 Nd7 14. f4 Nf6 15. Ra2 Nb5 16. Be3 Bd7 17. Qd3 e6 18. dxe6 Bxe6 19. Bxe6 fxe6 20. f5 exf5 21. exf5 gxf5 22. Rxf5 Nxc3 23. Nxc3 Nd7 24. Rg5 Rae8 25. Ra4 Ne5 26. Qxd6 Kh8 27. Qxc5 Qxb2 28. Rxg7 Kxg7 29. Re4 Rf5 30. Bd4 Qc1+ 31. Kh2 Kg6 32. Qd6+ Rf6 33. Qd5 Rf5 34. Bxe5 Rfxe5 35. Rg4+ Rg5 36. Qd3+ Kf7 37. Qxh7+ Kf6 38. Nd5+ Rxd5 39. Qg6+ 1-0

[Event "ICS"]
[Site "?"]
[Date "1994.??.??"]
[Round "?"]
[White "Romanishin, Oleg M"]
[Black "Polgar, Judit"]
[Result "1-0"]
[WhiteElo "2590"]
[BlackElo "2630"]
[PlyCount "156"]
[EventDate "1994.??.??"]
[Source "www.chesslib.no"]
[SourceDate "2004.05.04"]

1. d4 Nf6 2. c4 c5 3. d5 b5 4. cxb5 a6 5. b6 g6 6. Nc3 Qxb6 7. e4 d6 8. Nf3 Bg7 9. Be2 Nbd7 10. O-O O-O 11. Nd2 Bb7 12. Nc4 Qc7 13. a4 Rad8 14. Bf4 Rfe8 15. a5 Nf8 16. Bf3 N6d7 17. Re1 h6 18. Qd2 g5 19. Bg3 Ng6 20. Bg4 Nde5 21. Nxe5 Nxe5 22. Be2 e6 23. f4 gxf4 24. Bxf4 exd5 25. Nxd5 Bxd5 26. Qxd5 Rb8 27. Bxa6 Rxb2 28. Bf1 c4 29. a6 Ng4 30. h3 Qa7+ 31. Kh1 Qf2 32. Qf5 Nf6 33. a7 Ra2 34. Be3 Qc2 35. Rec1 Nxe4 36. Rxc2 Rxa1 37. Kh2 Be5+ 38. Bf4 Rxf1 39. g3 Bxf4 40. gxf4 Ra1 41. Rg2+ Kf8 42. Qd7 Ra6 43. Qb7 Nc5 44. Qc7 c3 45. Rc2 Ra8 46. Rxc3 Ra2+ 47. Kg1 Ne4 48. Qc6 Ra1+ 49. Kg2 Ra2+ 50. Kg1 Ra1+ 51. Kh2 Ra2+ 52. Rc2 Rxc2+ 53. Qxc2 Rxa7 54. Qxe4 Re7 55. Qd4 Re6 56. f5 Re2+ 57. Kg3 Ke7 58. Qg7 Re3+ 59. Kg2 Re5 60. f6+ Ke6 61. Qxh6 Rf5 62. Qe3+ Kxf6 63. Qd4+ Ke6 64. Kg3 d5 65. h4 Re5 66. Qb6+ Kf5 67. Qd6 Re3+ 68. Kf2 Re5 69. Kf3 f6 70. Qd8 Kg6 71. Qh8 Rf5+ 72. Kg4 Re5 73. h5+ Kf7 74. Qh7+ Ke6 75. Qg8+ Ke7 76. h6 Re4+ 77. Kg3 Re1 78. h7 Rg1+ 1-0

[Event "Muenchen"]
[Site "?"]
[Date "1994.??.??"]
[Round "?"]
[White "van der Sterren, P."]
[Black "Hertneck, G."]
[Result "0-1"]
[WhiteElo "2605"]
[BlackElo "2615"]
[PlyCount "58"]
[EventDate "1994.??.??"]
[Source "ChessBase"]
[SourceDate "1994.02.01"]

1. d4 Nf6 2. c4 c5 3. d5 b5 4. cxb5 a6 5. f3 axb5 6. e4 Qa5+ 7. Bd2 b4 8. Na3 d6 9. Nc4 Qd8 10. Bd3 e6 11. dxe6 Bxe6 12. Ne2 d5 13. exd5 Nxd5 14. Nf4 Nxf4 15. Bxf4 Be7 16. O-O Nc6 17. Be4 Nd4 18. Nd6+ Bxd6 19. Bxd6 Ra5 20. Be5 O-O 21. Bxd4 cxd4 22. a3 Qd6 23. axb4 Rxa1 24. Qxa1 Bc4 25. Rd1 Be2 26. Rd2 d3 27. Qc1 Qxb4 28. Qc3 Qe7 29. Bxd3 Qa7+ 0-1